| 000 | 00450nam a2200157 i 4500 | ||
|---|---|---|---|
| 001 | bg | ||
| 245 | 0 |
_aEkonometryczne modele rynku : _banaliza, prognozy, symulacja. _nT. 1, _pMetody ekonometryczne / _cpod red. Władysława Welfego. |
|
| 260 |
_aWarszawa, _c1977. |
||
| 650 | 9 | _aEkonometria | |
| 700 | 1 |
_aWelfe, Władysław. _eRed. |
|
| 040 | _cBPK | ||
| 041 | _apol | ||
| 080 | _a330.115 | ||
| 942 | _cKS | ||
| 008 | s pl f |000 0 pol | ||
| 999 |
_c47157 _d47157 |
||
| 856 |
_uhttp://koha.tu.koszalin.pl/cgi-bin/koha/opac-detail.pl?biblionumber=47157 _yKatalog online BPK |
||